01462cam a22003734i 4500003000900000005001700009008004100026020001500067035002700082040003300109082001900142100003200161245008400193264007100277300003800348336002100386337002500407338002300432504002800455505046100483526001000944526001000954526001000964526001000974526000800984526000800992526000801000526000801008526000801016526000801024526000801032610002101040650002701061PE-LiUPU20250731173138.0150623s r 000 0 d a0828008515 a(Sirsi) i9780828008518 aPE-LiUPUbspacPE-LiUPUerda04a232.8bA222211 aAdams, Roy,d1941-,eautor.14aThe nature of Christ :bhelp for a church divided over perfection /cRoy Adams. 1aHagerstown, MD :bReview and Herald Publishing Association,c1994. a143 páginas ;c23 centímetros atext2rdacontent aunmediated2rdamedia avolume2rdacarrier aIncluye bibliografía.0 aHow they see it: the theological reasoning of the concerned and disaffected brethren. Examining the roots: the legacy of jones and waggoner. Locked in bitter conflict: Andreasen versus the brethren. The word became flesh: like Adam or like us?. The temptations of Christ: did he have an advantage over us?. What is Sin? the issue at the heart of the debate. Corporate repentance: who demands it?. What does God require?. Careful how you draw the parallels. aSEG42 aSEG41 aSEG40 aSEG39 aP94 aP87 aP86 aP85 aP77 aP76 aP352 aIASDxDoctrinas.04aJesucristoxHumanidad.